| 000 | 01279nam0a22002531 4500 | ||
|---|---|---|---|
| 001 | rc\2801802 | ||
| 005 | 20260408082748.0 | ||
| 035 | _a(NLR Aleph) 006927816 | ||
| 090 |
_a7515556 _c7515556 |
||
| 100 | _a20110915d1936 |||y0rusy50 ca | ||
| 101 | 0 | _arus | |
| 102 | _aRU | ||
| 105 | _ay z ||||| | ||
| 200 | 1 |
_aИнструкция по санитарно-эпидемиологическому обследованию и регистрации пищевых токсико-инфекций и других пищевых отравлений _fГос. сан. инспекция Карел. авт. сов. соц. республики |
|
| 210 |
_a[Пос. Кондопога] _cКондопожск. тип. _d1936 |
||
| 215 |
_aОбл., 18 с., без тит. л. _d13х10 см. |
||
| 300 | _aПерепечатано из брошюры "Сан. контроль и санобслуживание обществ. питания. Изд. Глав. сан. инспекции РСФСР" | ||
| 712 | 0 | 1 |
_aРСФСР _bГлавная государственная санитарная инспекция _3RU\NLR\AUTH\8810152844 _9800749 |
| 801 | 0 |
_aRU _bNLR _gpsbo |
|
| 801 | 1 |
_aRU _bELAR _2rusmarc |
|
| 852 |
_aNLR _j36-8/2622 |
||
| 942 | _cBOOK | ||
| 980 | _aNB | ||